000 00448nam a2200145Ia 4500
008 100122s9999 xx 000 0 und d
082 _b17637
_a615.532
100 _aपळसुले गोपाळ सदाशिव
245 _aछोटा निघंटू
260 _bगो.स.पळसुले
_c1937
300 _a143
630 _aछोटा निघंटू
730 _aछोटा निघंटू
942 _cBOOK
999 _c407283
_d407280